| 000 | 01083cam a2200349 i 4500 | ||
|---|---|---|---|
| 001 | 768714001 | ||
| 003 | CO-MdFUSB | ||
| 005 | 20260429121610.0 | ||
| 007 | ta | ||
| 008 | 220603t1999 sp |||| |||| 00| | spa d | ||
| 020 | _a8470574256 | ||
| 040 |
_bspa. _aCO-MdFUSB _cCO-MdFUSB _dCO-MdFUSBC _erda |
||
| 041 | _aspa | ||
| 082 | 0 | 4 |
_223 _a226.5 _bB87717e |
| 100 | 1 |
_aBrown, Raymond E. (Edward) _eautor |
|
| 240 | _aThe gospel according to John | ||
| 245 | 1 | 0 |
_aEl Evangelio según Juan _c/ Raymond E. Brown ; Traductor: J. Valiente Malla |
| 250 | _asegunda edición | ||
| 264 | 1 |
_aMadrid, España : _bEdiciones Cristiandad, _c[1999] |
|
| 264 | 4 | _c© 1999 | |
| 300 |
_a1719 Páginas _c; 23 |
||
| 336 |
_2rdacontent _atexto _btxt |
||
| 337 |
_2rdamedia _asin mediación _bn |
||
| 338 |
_2rdacarrier _avolumen _bnc |
||
| 505 | _aTomo I : Cap. I-XII. Tomo II : Cap. XIII-XXI | ||
| 563 | _aTapa dura | ||
| 630 | 0 | 7 |
_aBiblia. _pJuan |
| 700 |
_91450 _aBrown, Raymond E. _eautor |
||
| 700 |
_91537 _aMalla, J. Valiente _etraductor |
||
| 942 | _cREF | ||
| 945 | _aMag 1104 | ||
| 999 |
_c33531 _d33531 |
||